The second-person standpoint. Morality, respect, and accountability.

Saved in:
Bibliografiske detaljer
Hovedforfatter: Darwall, Stephen (Author)
Format: Ukendt
Sprog:engelsk
Udgivet: Cambridge, Massachusetts, USA: Harvard University Press, 2006
Fag:
Tags: Tilføj Tag
Ingen Tags, Vær først til at tagge denne postø!

MARC

LEADER 00000 a2200000 4500
003 CL-VaPUC
005 20250108100846.0
008 220401b2006 ||||| |||| 00| 0 eng d
999 |c 434096  |d 434094 
020 |a 978-0674034624 
040 |c Pontificia Universidad Católica de Valparaíso 
082 7 |a 171.7 DAR 2006  |2 22 
100 |a Darwall, Stephen  |9 864492  |e author 
245 1 3 |a The second-person standpoint.  |b Morality, respect, and accountability. 
260 |a Cambridge, Massachusetts, USA:   |b Harvard University Press,   |c 2006 
300 |a 348 páginas  
583 |k Cristina María Rojas Aguilar  |c 20220401 
650 0 |a Ética  |9 255099 
650 0 |a Autoridad   |9 257105 
650 0 |a Responsabilidad  |9 308399 
650 0 |a Respeto a las personas  |9 867877 
942 |2 ddc  |c BK 
952 |0 0  |1 0  |2 ddc  |4 0  |6 171_700000000000000_DAR_2006  |7 0  |8 A  |9 582369  |a BIBEDU  |b BIBEDU  |c GEN  |d 2022-03-31  |e 74  |g 37961.00  |i 5650533  |o 171.7 DAR 2006  |p 5650533  |r 2022-03-31  |t 1  |v 37961.00  |w 2022-03-31  |y BK  |k FIL